Movies Quiz

Random Movies or Animation Quiz

Disney Film By Obscure Scene Quiz Stats

 Plays Quiz Updated Oct 2, 2015

Support Sporcle.
Go Orange.
Score 0/20 Timer 06:00
0 Plays Today
% Correct
Mulan
83.1%
Sleeping Beauty
80.2%
Dumbo
76.9%
Beauty and the Beast
66.4%
Tarzan
63%
The Emperor's New Groove
62.3%
Pocahontas
55.2%
Aladdin
44.9%
Cinderella
44.6%
Atlantis: The Lost Empire
44%
% Correct
Hercules
40.1%
Alice in Wonderland
38.9%
Snow White and the Seven Dwarfs
38.8%
The Little Mermaid
35.1%
Lilo & Stitch
33.8%
Treasure Planet
28.5%
The Hunchback of Notre Dame
26.8%
The Jungle Book
24%
The Lion King
23.6%
Oliver & Company
20.3%

You're not logged in!

Compare scores with friends on all Sporcle quizzes.
OR
Log In

From the Vault

Click the Midwestern States Minefield

by JustChris

But how far from the middle can we go before it stops being just middle and becomes "midwest/east"?
Remove Ads.
Support Sporcle.
Get the best of Sporcle when you Go Orange. This ad-free experience offers more features, more stats, and more fun while also helping to support Sporcle. Thank you for becoming a member.

Show Comments

Extras

Top Quizzes Today


Score Distribution

Your Account Isn't Verified!

In order to create a playlist on Sporcle, you need to verify the email address you used during registration. Go to your Sporcle Settings to finish the process.

Report this User

Report this user for behavior that violates our Community Guidelines.

Details: